000
00261nam a2200097Ia 4500
008
200302s9999 xx 000 0 und d
100
_a
Ken Sidey
245
_a
Interior Walls Framing, Drywalling Trimming
260
_b
An imprint of Meredith Books
300
_a
120 P.,
999
_c
1757
_d
1757